Statistics for Clear the World Map!

Click here to take the quiz!

General Stats

  • This quiz has been taken 19,524 times
  • The average score is 130 of 196

Answers on the Map

Answers color-coded by a green-red scale on the quiz's map according to % correct below.
 

Answer Stats

LatCountry% Correct
71°23'NUnited States
92%
83°06'NCanada
90%
81°51'NRussia
89%
32°43'NMexico
88%
60°51'NUnited Kingdom
88%
53°34'NChina
87%
05°15'NBrazil
86%
51°05'NFrance
86%
43º47'NSpain
85%
35°30'NIndia
84%
57°45'NDenmark
83%
47°05'NItaly
83%
80°49'NNorway
83%
69°04'NSweden
83%
21°48'SArgentina
82%
17°19'SChile
82%
70°05'NFinland
82%
55°03'NGermany
82%
67°08'NIceland
82%
09°16'SAustralia
81%
55°26'NIreland
81%
42°07'NPortugal
81%
31°36'NEgypt
80%
45°31'NJapan
80%
42°06'NTurkey
80%
52º09'NMongolia
79%
54°50'NPoland
79%
52º22'NUkraine
79%
39°47'NIran
78%
00°01'SPeru
78%
22°20'SSouth Africa
78%
13°23'NColombia
77%
23°16'NCuba
77%
32°14'NSaudi Arabia
77%
37°05'NAlgeria
76%
37°23'NIraq
76%
35°55'NMorocco
76%
43°00'NNorth Korea
76%
37°06'NPakistan
76%
41°43'NGreece
75%
05°49'NIndonesia
75%
55°06'NKazakhstan
75%
12°08'SMadagascar
75%
23°31'NNiger
75%
38°37'NSouth Korea
75%
49°01'NAustria
74%
09°40'SBolivia
74%
30°05'SUruguay
74%
19°00'NYemen
74%
51°50'NBelgium
73%
05°22'NDemocratic Republic of the Congo
73%
33°10'NLibya
73%
53°32'NNetherlands
73%
29°13'SNew Zealand
73%
26°30'NOman
73%
09°38'NPanama
73%
19°33'SParaguay
73%
22°12'NSudan
73%
15º40'NVenezuela
73%
38°22'NAfghanistan
72%
56°08'NBelarus
72%
23°30'NChad
72%
59°48'NEstonia
72%
58°05'NLatvia
71%
13°50'NNigeria
71%
48°15'NRomania
71%
20°27'NThailand
71%
23°22'NVietnam
71%
19°55'NDominican Republic
70%
01°27'NEcuador
70%
56°27'NLithuania
70%
11°59'NSomalia
70%
47°48'NSwitzerland
70%
14°53'NEthiopia
69%
48°35'NHungary
69%
25°00'NMali
69%
30°26'NNepal
69%
46°33'NCroatia
68%
22°29'NLaos
68%
03°43'NRepublic of the Congo
68%
46°11'NSerbia
68%
12°14'NSouth Sudan
68%
27°16'NBahamas
67%
11º13'NCosta Rica
67%
17°15'NGuatemala
67%
08°24'NGuyana
67%
17°24′NHonduras
67%
33°17'NIsrael
67%
28°32'NMyanmar
67%
21°07'NPhilippines
67%
49°36'NSlovakia
67%
37°19'NSyria
67%
37°21'NTunisia
67%
26°05'NUnited Arab Emirates
67%
45°36'NUzbekistan
67%
42°30'NAlbania
66%
44°13'NBulgaria
66%
51°02'NCzech Republic
66%
20°04'NHaiti
66%
42°50'NTurkmenistan
66%
04°24'SAngola
65%
18°29'NBelize
65%
14°30'NCambodia
65%
14°26'NEl Salvador
65%
33°22'NJordan
65%
05°35'NKenya
65%
15°01'NNicaragua
65%
01°15'SPapua New Guinea
65%
46°52'NSlovenia
65%
06°01'NSuriname
65%
26°38'NBangladesh
64%
45°43'NBosnia and Herzegovina
64%
15°38'NDominica
64%
43°35'NGeorgia
63%
18°31'NJamaica
63%
07°15'NMalaysia
63%
15°37'SZimbabwe
63%
28°20'NBhutan
62%
11°10'NGhana
62%
43°25'NKosovo
62%
50°11'NLuxembourg
62%
36°05'NMalta
62%
48°28'NMoldova
62%
16°56'SNamibia
62%
08°14'SZambia
62%
41°17'NArmenia
61%
41°53'NAzerbaijan
61%
43°16'NKyrgyzstan
61%
10°27'SMozambique
61%
26°09'NQatar
61%
41°02'NTajikistan
61%
11°08'NTogo
61%
41°54'NVatican City
61%
17°46'SBotswana
60%
11°01'NCentral African Republic
60%
35°42'NCyprus
60%
12°41'NGuinea
60%
28°34'SLesotho
60%
26°20'NMauritania
60%
43°32'NMontenegro
60%
09°30'NSri Lanka
60%
00°59'STanzania
60%
17°59'NEritrea
59%
12°30'SFiji
59%
30°06'NKuwait
59%
34°43'NLebanon
59%
42°21'NMacedonia
59%
16°41'NSenegal
59%
04°14'NUganda
59%
12°25'NBenin
58%
13°05'NCameroon
58%
10°44'NCôte d'Ivoire
58%
26°23'NTaiwan
58%
42°39'NAndorra
57%
08°33'NLiberia
57%
43°59'NSan Marino
57%
17°12'NCape Verde
56%
10°05'NFederated States of Micronesia
56%
47°14'NLiechtenstein
56%
07°07'NMaldives
56%
10°25'SMauritius
56%
43°45'NMonaco
56%
01°03'SRwanda
56%
26°17'NBahrain
55%
02°19'NGabon
55%
09°22'SMalawi
55%
03°43'SSeychelles
55%
12°43'NDjibouti
54%
13°20'NBarbados
53%
15°05'NBurkina Faso
53%
11°22'SComoros
53%
13°49'NGambia
53%
12°41'NGuinea-Bissau
53%
05°13'SSolomon Islands
53%
02°03'NKiribati
52%
14°32'NMarshall Islands
52%
08°10'NPalau
52%
01°28'NSingapore
52%
05°39'STuvalu
52%
02°18'SBurundi
51%
03°47'NEquatorial Guinea
51%
00°30'SNauru
51%
17°26'NSaint Kitts and Nevis
51%
14°07'NSaint Lucia
51%
13°25'SSamoa
51%
01°42'NSão Tomé and Príncipe
51%
10°00'NSierra Leone
51%
15°36'STonga
51%
11º21'NTrinidad and Tobago
51%
13°07'SVanuatu
51%
13°22'NSaint Vincent and the Grenadines
50%
17°44'NAntigua and Barbuda
48%
05°04'NBrunei
48%
08°19'SEast Timor
47%
12°31'NGrenada
47%
25°44'SSwaziland
47%

Score Distribution

Percentile by Number Answered

Percent of People with Each Score

Your Score History

You have not taken this quiz